000 00311nam a2200133Ia 4500
005 20260328104309.0
008 260328s9999||||xx |||||||||||||| ||und||
100 _aCompton, Nic
245 0 _aUltimate Classic Yachts /
_cNic Compton
260 _bBloomsbury
300 _a160 p.
650 _aMAR
942 _cBK
999 _c10876
_d10876